<?xml version="1.0" encoding="UTF-8"?>
<marc:record xmlns:marc="http://www.loc.gov/MARC21/slim">
   <marc:leader>00000nam a2200000 a 4500</marc:leader>
   <marc:datafield ind1="1" ind2=" " tag="100">
      <marc:subfield code="a">Glavinic, Thomas</marc:subfield>
      <marc:subfield code="4">aut</marc:subfield>
      <marc:subfield code="e">Verfasser/-in</marc:subfield>
   </marc:datafield>
   <marc:datafield ind1="0" ind2="0" tag="245">
      <marc:subfield code="a">Unterwegs im Namen des Herrn</marc:subfield>
   </marc:datafield>
   <marc:datafield ind1=" " ind2="1" tag="264">
      <marc:subfield code="b">Hanser</marc:subfield>
      <marc:subfield code="c">2011</marc:subfield>
   </marc:datafield>
   <marc:datafield ind1="1" ind2=" " tag="520">
      <marc:subfield code="a">Der Ich-Erzähler und sein Freund, ein Fotograf, schließen sich einer Pilgerfahrt an, nicht aus religiösen Gründen, sondern um die Teilnehmer und ihre Motivation zu studieren. Dabei machen sie ebenso skurrile wie groteske Erfahrungen und brechen die Reise unerleuchtet ab.</marc:subfield>
   </marc:datafield>
   <marc:datafield ind1=" " ind2=" " tag="020">
      <marc:subfield code="a">9783446237391</marc:subfield>
      <marc:subfield code="9">9783446237391</marc:subfield>
   </marc:datafield>
</marc:record>
